| 000 | 02143nam a22003137a 4500 | ||
|---|---|---|---|
| 005 | 2009061600210.0 | ||
| 008 | 090512t xxu||||| |||| 00| 0 eng d | ||
| 010 | _aENG-94031 | ||
| 020 |
_a9788123755571 _c200.00 |
||
| 035 | _aEN-77564 | ||
| 035 | _aB-365520-524 | ||
| 037 | _bDBAD / PUB | ||
| 037 | _bNorth India Publishers & Distributors | ||
| 040 |
_adpl _bEnglish |
||
| 082 | _a954.0841092 | ||
| 245 |
_aGandhi Patel: _ccompiled by Neerja Singh _bletters and speeches differences within consensus / |
||
| 260 |
_aNew Delhi _bNational Book Trust _c2009 |
||
| 270 |
_aNehru Bhawan,5 Institutional Area,Phase-II, Vasant Kunj, _bNew Delhi _e110070 |
||
| 300 |
_axix, 203p. _c22cm(Hb) |
||
| 700 | _aSingh, Neerja | ||
| 942 |
_2ddc _cEN _mGAN _h954.0841092 |
||
| 999 |
_c27484 _d27484 |
||